000 00817nam a22002297a 4500
003 DO-SdBNP
005 20240301140156.0
007 ta
008 211118b2019 dr a|||| |||| 00| 0 spa d
020 _a9789945804805
040 _aDO-SdBNP
_bspa
_cBNPHU
100 1 _aCabral, Lucía Amelia
_929009
245 1 0 _aZumeca /
_cLucia Amelia Cabral ; ilustraciones Pascal Meccarielo ; prólogo Manuel García Arvélo ; diseño y diagramación Amparo Bautista.
260 _a Santo Domingo :
_bGrupo SID,
_c2019.
300 _a219 p. :
_bil. ;
_c32 cm.
590 _aInventariado, 2021 /LP
700 1 _aMeccarielo, Pascal,
_e ilustraciones
_980659
700 1 _aGarcía Arvélo, Manuel,
_eprólogo
_980661
700 1 _aBautista, Amparo,
_ediseño y diagramación
_980660
910 _a Lopérez
942 _2ddc
_cLBS1
999 _c50986
_d50986